Statistics for Interesting Facts True Or False #4

Click here to take the quiz!

General Stats

  • This quiz has been taken 8 times
  • The average score is 7 of 15

Answer Stats

QuestionAnswer% Correct
There are four elements named after a small village in Sweden.True
86%
Antonio López de Santa Anna served NINE non-consecutive terms as President of Mexico.False
71%
In the last 100 years, the height of the average person born in North Korea has decreased by 8.5 cm (3 inches). This is the greatest decrease of any country in the world.False
71%
Chad and Romania do not have the same flag.True
71%
The percentage of Americans who die due to lightning strikes has declined by only 20% since 1900.False
57%
An earthquake made Mount Everest a two inches taller.False
57%
Freshwater snails are one of the deadliest creatures on the planet. They spread a parasitic flatworm that infects tens of millions of people every year and kills about 10,000.True
57%
It took San Francisco more than 33 years to build a two mile bus lane but made the 1,700m Alaska Highway in less than a year.True
57%
The effects of wealth disparity can last for centuries. In the year 1066, the Normans conquered England and placed themselves on top of the social hierarchy. More than 900 years later, people with Norman last names are still about 10% wealthier than their Anglo-Saxon counterparts.True
57%
Aluminum is the most common metal in the Earth's crust. But aluminum used to be very difficult to extract from aluminum ore. This made it extremely expensive. In the mid-1700s, ingots of aluminum sold for $825 a pound - about three times the price of gold.False
43%
Before there was genetic engineering, there was atomic gardening. This was a form of horticulture where plants were exposed to radiation in the hope that they would develop useful mutations. And it worked! It created the Ruby Red grapefruit, as well as other plant varietals.True
43%
Turkeys (the bird) are named after the country of Turkey. But they don't come from Turkey. They are originally from Mexico.True
29%
Every U.S. state except one has recorded a temperature of at least 100° F. The one exception? Hawaii.True
29%
The Soviet Union eliminated the week in 1932. It was replaced with a 5-day cycle, where 20% of the population was given the day off on any given day. Most people liked it but it was inconvenient, so the system was eventually scrapped in 1933.False
14%
The U.S. government owns 42.4% of the land in the state of Nevada.False
0%

Score Distribution

Percentile by Number Answered

Percent of People with Each Score

Your Score History

You have not taken this quiz